<?xml version="1.0" encoding="UTF-8"?>
<collection xmlns="http://www.loc.gov/MARC21/slim">
 <record>
  <leader>01049nam a2200265   4500</leader>
  <controlfield tag="001">000007429</controlfield>
  <controlfield tag="003">3591</controlfield>
  <controlfield tag="005">20150812140800.0</controlfield>
  <controlfield tag="008">111003s                               sd</controlfield>
  <datafield tag="100" ind1="0" ind2=" ">
   <subfield code="a">Hồ Chí Minh</subfield>
  </datafield>
  <datafield tag="245" ind1="0" ind2="0">
   <subfield code="a">Hồ Chí Minh tuyển tập</subfield>
   <subfield code="c">Hồ Chí Minh</subfield>
  </datafield>
  <datafield tag="300" ind1=" " ind2=" ">
   <subfield code="a">3 tập</subfield>
  </datafield>
  <datafield tag="774" ind1=" " ind2=" ">
   <subfield code="a">Hồ Chí Minh</subfield>
   <subfield code="b">Xuất bản lần thứ 3</subfield>
   <subfield code="d">Chính trị Quốc gia</subfield>
   <subfield code="d">H.</subfield>
   <subfield code="d">2003</subfield>
   <subfield code="g">T.1</subfield>
   <subfield code="h">709tr</subfield>
   <subfield code="t">1919-1945</subfield>
   <subfield code="w">3589</subfield>
  </datafield>
  <datafield tag="774" ind1=" " ind2=" ">
   <subfield code="a">Hồ Chí Minh</subfield>
   <subfield code="b">Xuất bản lần thứ 3</subfield>
   <subfield code="d">Chính trị Quốc gia</subfield>
   <subfield code="d">H.</subfield>
   <subfield code="d">2003</subfield>
   <subfield code="g">T.2</subfield>
   <subfield code="h">772tr</subfield>
   <subfield code="t">1945-1954</subfield>
   <subfield code="w">3594</subfield>
  </datafield>
  <datafield tag="774" ind1=" " ind2=" ">
   <subfield code="a">Hồ Chí Minh</subfield>
   <subfield code="b">Xuất bản lần thứ 3</subfield>
   <subfield code="d">Chính trị Quốc gia</subfield>
   <subfield code="d">H.</subfield>
   <subfield code="d">2003</subfield>
   <subfield code="g">T.3</subfield>
   <subfield code="h">748tr</subfield>
   <subfield code="t">1954-1969</subfield>
   <subfield code="w">3595</subfield>
  </datafield>
  <datafield tag="774" ind1=" " ind2=" ">
   <subfield code="a">Hồ Chí Minh</subfield>
   <subfield code="d">Sư thật</subfield>
   <subfield code="d">H.</subfield>
   <subfield code="d">1980</subfield>
   <subfield code="g">T.1</subfield>
   <subfield code="h">620 tr.</subfield>
   <subfield code="t">1920 - 1954</subfield>
   <subfield code="w">5966</subfield>
  </datafield>
  <datafield tag="774" ind1=" " ind2=" ">
   <subfield code="a">Hồ Chí Minh</subfield>
   <subfield code="d">Sư thật</subfield>
   <subfield code="d">H.</subfield>
   <subfield code="d">1980</subfield>
   <subfield code="g">T.2</subfield>
   <subfield code="h">568 tr.</subfield>
   <subfield code="t">1955 - 1969</subfield>
   <subfield code="w">5967</subfield>
  </datafield>
  <datafield tag="OWN" ind1=" " ind2=" ">
   <subfield code="a">LSP</subfield>
  </datafield>
  <datafield tag="999" ind1=" " ind2=" ">
   <subfield code="a">From the UDN01</subfield>
  </datafield>
  <datafield tag="TYP" ind1=" " ind2=" ">
   <subfield code="a">Monograph</subfield>
  </datafield>
  <datafield tag="TYP" ind1=" " ind2=" ">
   <subfield code="a">Printed language</subfield>
  </datafield>
  <datafield tag="980" ind1=" " ind2=" ">
   <subfield code="a">Mạng thư viện Đại học Đà Nẵng</subfield>
  </datafield>
 </record>
</collection>
